000 00827nam a22002055i 4500
001 178631
003 ES-MaACL
005 20230906220557.0
008 110609s1970 sp |||| | spa d
080 _a616:331.91
100 1 _aMontes Cid, Dámaso.
_9147046
245 1 0 _aAspectos médicos del absentismo laboral /
_cresumen de la tesis presentada para aspirar al grado de doctor en medicina por Dámaso Montes Cid.
260 _aBarcelona :
_bUniversidad de Barcelona, Secretariado de Publicaciones, Intercambio Científico y Extensión Universitaria :
_bIvern,
_c1970.
300 _a24 p. ;
_c24 cm.
500 _aCub. tomada como port.
504 _aBibliografía : p. 21-24.
650 0 4 _aAbsentismo laboral.
_9147047
710 2 _aUniversidad de Barcelona.
_97141
852 _aES-MaACL
_jE-15361 (37)
_xOlim P-1374
999 _c178631
_d178631